[Event "Usti nad Labem Chlumecky Blitz op"]
[Site "Usti nad Labem"]
[Date "2024.05.05"]
[Round "6"]
[White "Bazantova, Marie"]
[Black "Peglau, Charis"]
[Result "1/2-1/2"]
[WhiteElo "1863"]
[BlackElo "1918"]
[PlyCount "83"]
[EventDate "2024.05.05"]
[EventType "swiss (blitz)"]
[EventRounds "15"]
[EventCountry "CZE"]
[SourceTitle "CBM 220 Extra"]
[Source "ChessBase"]
[SourceDate "2024.07.31"]
[SourceVersion "1"]
[SourceVersionDate "2024.07.31"]
[SourceQuality "1"]

1. e4 c6 2. c4 d5 3. cxd5 cxd5 4. exd5 Nf6 5. Nc3 Nxd5 6. d4 Nc6 7. Nf3 Bg4 8. Be2 e6 9. 0-0 Be7 10. h3 Bh5 11. Re1 0-0 12. Ne5 Bxe2 13. Nxe2 Rc8 14. Nf3 Bf6 15. Qb3 Nb6 16. Be3 Qd5 17. Qxd5 Nxd5 18. Bg5 Bxg5 19. Nxg5 Ncb4 20. Rec1 Nd3 21. Rd1 Nxb2 22. Rdb1 Rc2 23. Ng3 b6 24. a4 a5 25. Ra2 Rd2 26. Raxb2 Rxd4 27. Ra1 Rc8 28. Nf3 Rb4 29. Rxb4 Nxb4 30. Ne5 f6 31. Nf3 Kf7 32. Ne2 e5 33. Kf1 Ke6 34. Ra3 Rd8 35. Nc3 Rc8 36. Nb5 Rc1+ 37. Ke2 Rc2+ 38. Kf1 Rb2 39. Nc7+ Kd7 40. Nb5 Rb1+ 41. Ke2 Rb2+ 42. Kf1 1/2-1/2

[Event "Usti nad Labem Chlumecky Blitz op"]
[Site "Usti nad Labem"]
[Date "2024.05.05"]
[Round "1"]
[White "Peglau, Charis"]
[Black "Poliakov, Ivan"]
[Result "1/2-1/2"]
[WhiteElo "1918"]
[BlackElo "1644"]
[PlyCount "101"]
[EventDate "2024.05.05"]
[EventType "swiss (blitz)"]
[EventRounds "15"]
[EventCountry "CZE"]
[SourceTitle "CBM 220 Extra"]
[Source "ChessBase"]
[SourceDate "2024.07.31"]
[SourceVersion "1"]
[SourceVersionDate "2024.07.31"]
[SourceQuality "1"]

1. d4 d6 2. c4 g6 3. e4 Nf6 4. f3 Bg7 5. Be3 0-0 6. Nc3 Nbd7 7. Bd3 e5 8. Nge2 Re8 9. 0-0 exd4 10. Nxd4 Nc5 11. Be2 a5 12. Qd2 Bd7 13. Rfd1 h5 14. a3 Ne6 15. b4 Nxd4 16. Bxd4 b6 17. Bf1 Qc8 18. Qf4 Qd8 19. Qd2 Qe7 20. Nd5 Nxd5 21. exd5 Qf8 22. Bxg7 Qxg7 23. Rab1 Bf5 24. Bd3 Bxd3 25. Qxd3 axb4 26. axb4 Re7 27. Re1 Rae8 28. Rxe7 Rxe7 29. Qd2 Qe5 30. h3 Qe3+ 31. Qxe3 Rxe3 32. Rc1 Rb3 33. b5 Kg7 34. Kf2 Kf6 35. f4 Kf5 36. g3 Rb4 37. Ke3 Rb3+ 38. Kf2 Rd3 39. Rc2 Rd4 40. Ke3 Re4+ 41. Kd3 Re7 42. Ra2 h4 43. gxh4 Kxf4 44. Rg2 Kf3 45. Rg1 Kf4 46. Kd4 Re4+ 47. Kd3 Re7 48. Kd4 Re4+ 49. Kd3 Re7 50. Kd4 Re4+ 51. Kd3 1/2-1/2

[Event "Usti nad Labem Chlumecky Blitz op"]
[Site "Usti nad Labem"]
[Date "2024.05.05"]
[Round "3"]
[White "Peglau, Charis"]
[Black "Werner, Quan Hong"]
[Result "0-1"]
[WhiteElo "1918"]
[BlackElo "2041"]
[PlyCount "54"]
[EventDate "2024.05.05"]
[EventType "swiss (blitz)"]
[EventRounds "15"]
[EventCountry "CZE"]
[SourceTitle "CBM 220 Extra"]
[Source "ChessBase"]
[SourceDate "2024.07.31"]
[SourceVersion "1"]
[SourceVersionDate "2024.07.31"]
[SourceQuality "1"]

1. d4 Nf6 2. c4 g6 3. Nc3 Bg7 4. e4 d6 5. f3 0-0 6. Be3 Nbd7 7. Bd3 c5 8. Nge2 cxd4 9. Nxd4 Nc5 10. Be2 a5 11. 0-0 Bd7 12. Qd2 Rc8 13. Rfd1 b6 14. Rac1 Qc7 15. a3 a4 16. Qc2 Qb7 17. Bf1 Ra8 18. Rb1 Rfc8 19. Ndb5 Bxb5 20. Nxb5 Nfd7 21. Nd4 Ra5 22. Rd2 Bxd4 23. Rxd4 Nb3 24. Rdd1 b5 25. Qc3 bxc4 26. Bxc4 Ne5 27. Bxf7+ Nxf7 0-1

[Event "EU-ch (Women) 24th"]
[Site "Rhodes"]
[Date "2024.04.26"]
[Round "7"]
[White "Kroliczek, Gabriela"]
[Black "Peglau, Charis"]
[Result "1-0"]
[WhiteElo "1957"]
[BlackElo "2161"]
[PlyCount "91"]
[EventDate "2024.04.19"]
[EventType "swiss"]
[EventRounds "10"]
[EventCountry "GRE"]
[SourceTitle "CBM 219 Extra"]
[Source "ChessBase"]
[SourceDate "2024.05.31"]
[SourceVersion "1"]
[SourceVersionDate "2024.05.31"]
[SourceQuality "1"]

1. e4 c6 2. Nf3 d5 3. Nc3 h6 4. d4 dxe4 5. Nxe4 Bf5 6. Ng3 Bh7 7. Bd3 Bxd3 8. Qxd3 Nf6 9. 0-0 e6 10. Re1 Nbd7 11. Bd2 Qc7 12. c4 0-0-0 13. b4 g5 14. Qc2 Bg7 15. Bc3 g4 16. Ne5 Nxe5 17. dxe5 Nd7 18. Qe4 h5 19. Nf1 Kb8 20. Rab1 Rhf8 21. a4 f5 22. exf6 Bxf6 23. Bd2 Be5 24. Rbd1 Ka8 25. a5 Rf5 26. Be3 Bh8 27. Qxe6 Rff8 28. Bg5 Nf6 29. Rxd8+ Qxd8 30. a6 Qc8 31. axb7+ Qxb7 32. Qd6 Re8 33. Rxe8+ Nxe8 34. Qd8+ Qb8 35. Qd7 Nf6 36. Bxf6 Bxf6 37. Qxc6+ Qb7 38. Qxf6 Qxb4 39. Qc6+ Kb8 40. c5 a5 41. Qe8+ Ka7 42. c6 Qb6 43. Qxh5 a4 44. Qe8 a3 45. Qe7+ Kb8 46. Qxa3 1-0

[Event "EU-ch (Women) 24th"]
[Site "Rhodes"]
[Date "2024.04.23"]
[Round "5"]
[White "Karaivanova, Petya F"]
[Black "Peglau, Charis"]
[Result "1/2-1/2"]
[WhiteElo "1909"]
[BlackElo "2161"]
[PlyCount "86"]
[EventDate "2024.04.19"]
[EventType "swiss"]
[EventRounds "10"]
[EventCountry "GRE"]
[SourceTitle "CBM 219 Extra"]
[Source "ChessBase"]
[SourceDate "2024.05.31"]
[SourceVersion "1"]
[SourceVersionDate "2024.05.31"]
[SourceQuality "1"]

1. e4 e6 2. d4 d5 3. Nc3 dxe4 4. Nxe4 Bd7 5. Nf3 Bc6 6. Bd3 Nd7 7. Qe2 Ngf6 8. Bd2 Nxe4 9. Bxe4 Bxe4 10. Qxe4 c6 11. c4 Nf6 12. Qe2 Bd6 13. 0-0 0-0 14. Bc3 Qe7 15. a3 a5 16. Rfe1 Rfd8 17. Rad1 Bc7 18. d5 cxd5 19. Bxf6 Qxf6 20. cxd5 exd5 21. Rxd5 h6 22. Red1 Rxd5 23. Rxd5 Qc6 24. Rd1 Re8 25. Qd3 Bb6 26. g3 Qc5 27. Rd2 Rc8 28. Qe4 Qb5 29. Rc2 Re8 30. Qf4 Rd8 31. Rd2 Rc8 32. Kg2 Re8 33. Qg4 Re6 34. Qf4 Qc6 35. Kh3 Rf6 36. Qb8+ Kh7 37. Ne5 Qe6+ 38. Kg2 Qf5 39. Nd7 Qf3+ 40. Kh3 Qh5+ 41. Kg2 Qf3+ 42. Kh3 Qh5+ 43. Kg2 Qf3+ 1/2-1/2

[Event "EU-ch (Women) 24th"]
[Site "Rhodes"]
[Date "2024.04.19"]
[Round "1"]
[White "Wagner, Dinara"]
[Black "Peglau, Charis"]
[Result "1-0"]
[WhiteElo "2453"]
[BlackElo "2161"]
[PlyCount "85"]
[EventDate "2024.04.19"]
[EventType "swiss"]
[EventRounds "10"]
[EventCountry "GRE"]
[SourceTitle "CBM 219 Extra"]
[Source "ChessBase"]
[SourceDate "2024.05.31"]
[SourceVersion "1"]
[SourceVersionDate "2024.05.31"]
[SourceQuality "1"]

1. Nf3 d5 2. g3 Nf6 3. Bg2 g6 4. d4 Bg7 5. c4 c6 6. Qb3 0-0 7. Nc3 dxc4 8. Qxc4 Nbd7 9. 0-0 Nb6 10. Qb3 Bg4 11. a4 Bxf3 12. Bxf3 Qxd4 13. a5 Qc4 14. Ra3 Qxb3 15. Rxb3 Nbd5 16. Rxb7 Rfb8 17. Nxd5 Nxd5 18. Bxd5 Rxb7 19. Bxc6 Rab8 20. Bxb7 Rxb7 21. Be3 Rxb2 22. Rc1 f5 23. Bxa7 Ra2 24. Bb6 Kf7 25. Rc8 Ke6 26. Ra8 Rb2 27. Be3 Rb4 28. a6 Bd4 29. Bxd4 Rxd4 30. Kg2 Ra4 31. h3 Ra3 32. e3 Ra4 33. Kf3 Ra2 34. g4 fxg4+ 35. hxg4 h5 36. gxh5 gxh5 37. a7 Kd7 38. Kg3 Ra4 39. f4 Ra3 40. Kh4 Ra5 41. f5 Kc6 42. Rc8+ Kb7 43. a8Q+ 1-0

[Event "GER-ch (Women) op-A"]
[Site "Augsburg"]
[Date "2024.03.10"]
[Round "9"]
[White "Moncayo Romero, Evelyn"]
[Black "Peglau, Charis"]
[Result "0-1"]
[WhiteElo "2095"]
[BlackElo "2054"]
[PlyCount "72"]
[EventDate "2024.03.06"]
[EventType "swiss"]
[EventRounds "9"]
[EventCountry "GER"]
[SourceTitle "CBM 219 Extra"]
[Source "ChessBase"]
[SourceDate "2024.05.31"]
[SourceVersion "1"]
[SourceVersionDate "2024.05.31"]
[SourceQuality "1"]

1. e4 e5 2. Nf3 Nc6 3. Bb5 g6 4. 0-0 Bg7 5. c3 Nge7 6. d4 exd4 7. Nxd4 0-0 8. Bg5 Nxd4 9. cxd4 h6 10. Be3 a6 11. Be2 d6 12. Qd2 Kh7 13. Nc3 f5 14. f3 b5 15. a4 b4 16. Nd1 a5 17. Rc1 Bb7 18. Nf2 Rc8 19. g4 fxe4 20. fxe4 Qe8 21. Bb5 Bc6 22. Rxc6 Nxc6 23. d5 Ne5 24. Kh1 Nf3 25. Qc2 Qe5 26. Nh3 Qxb2 27. Qxb2 Bxb2 28. Nf4 Ne5 29. Rg1 g5 30. Ne6 Rf3 31. Bc1 Bxc1 32. Rxc1 Rc3 33. Rf1 b3 34. Rb1 Nf3 35. Kg2 Nd2 36. Rb2 Rc2 0-1

[Event "GER-ch (Women) op-A"]
[Site "Augsburg"]
[Date "2024.03.08"]
[Round "4"]
[White "Horvath, Maria"]
[Black "Peglau, Charis"]
[Result "0-1"]
[WhiteElo "1983"]
[BlackElo "2054"]
[PlyCount "76"]
[EventDate "2024.03.06"]
[EventType "swiss"]
[EventRounds "9"]
[EventCountry "GER"]
[SourceTitle "CBM 219 Extra"]
[Source "ChessBase"]
[SourceDate "2024.05.31"]
[SourceVersion "1"]
[SourceVersionDate "2024.05.31"]
[SourceQuality "1"]

1. d4 Nf6 2. Nf3 b6 3. e3 Bb7 4. Bd3 e6 5. 0-0 c5 6. b3 Nc6 7. Bb2 Be7 8. a3 0-0 9. Nbd2 Rc8 10. Qe2 Qc7 11. Rad1 cxd4 12. exd4 d5 13. Ne5 Nxe5 14. dxe5 Ne4 15. c4 Nxd2 16. Rxd2 dxc4 17. Bxc4 Rfd8 18. Rfd1 Rxd2 19. Rxd2 Qc6 20. f3 Bg5 21. Rd1 Qc5+ 22. Kf1 g6 23. a4 Bf4 24. g3 Bg5 25. Kg2 Bd5 26. Bxd5 Qc2 27. Re1 exd5 28. f4 Qxb3 29. Rc1 Rxc1 30. Bxc1 Be7 31. e6 Qc4 32. exf7+ Kxf7 33. Qd2 Bb4 34. Qd1 d4 35. f5 Qd5+ 36. Kg1 d3 37. fxg6+ hxg6 38. Bb2 Bc5+ 0-1

[Event "GER-ch (Women) op-A"]
[Site "Augsburg"]
[Date "2024.03.07"]
[Round "3"]
[White "Peglau, Charis"]
[Black "Sachi, Jain"]
[Result "0-1"]
[WhiteElo "2054"]
[BlackElo "1992"]
[PlyCount "154"]
[EventDate "2024.03.06"]
[EventType "swiss"]
[EventRounds "9"]
[EventCountry "GER"]
[SourceTitle "CBM 219 Extra"]
[Source "ChessBase"]
[SourceDate "2024.05.31"]
[SourceVersion "1"]
[SourceVersionDate "2024.05.31"]
[SourceQuality "1"]

1. Nf3 d5 2. e3 e6 3. b3 Be7 4. Bb2 Nf6 5. c4 0-0 6. Nc3 b6 7. cxd5 exd5 8. d4 Bb7 9. Bd3 Nbd7 10. 0-0 Re8 11. Rc1 c6 12. Qc2 Bd6 13. Rfd1 Qe7 14. h3 Rac8 15. Nh4 g6 16. Nf3 Ne4 17. Bxe4 dxe4 18. Nd2 f5 19. Nc4 Nf6 20. Nxd6 Qxd6 21. Qe2 Nd5 22. a3 a5 23. Rc2 Ra8 24. Qd2 Ba6 25. g3 Bd3 26. Rcc1 Rac8 27. Kg2 g5 28. Rh1 f4 29. exf4 gxf4 30. Nxd5 f3+ 31. Kh2 Qxd5 32. Rc3 Re6 33. Qe3 Rf8 34. Re1 Rff6 35. Bc1 Rh6 36. Qg5+ Qxg5 37. Bxg5 Rhg6 38. Bf4 Be2 39. Kg1 Rg7 40. Rec1 Rd7 41. Be3 Rdd6 42. g4 Kf7 43. Kh2 Ke8 44. Kg3 Kd7 45. h4 Rd5 46. g5 Bd3 47. Kg4 Ba6 48. h5 Bb7 49. Rh1 Ke8 50. g6 Kf8 51. gxh7 Kg7 52. Kh4 Kxh7 53. Rg1 Rf6 54. Rg5 Rff5 55. Rxf5 Rxf5 56. Rc1 Rb5 57. h6 Rxb3 58. Rg1 Rxe3 59. fxe3 Ba6 60. Kg3 Kxh6 61. Kf2 Bc4 62. Rg4 Bd5 63. Kg3 b5 64. Kf2 b4 65. axb4 axb4 66. Rg1 b3 67. Rb1 Kg5 68. Kg3 Kf5 69. Kf2 Ke6 70. Ke1 Kd6 71. Rb2 Bc4 72. Kd1 Kd5 73. Rh2 Be2+ 74. Kd2 Kc4 75. Rf2 b2 76. Kc2 b1Q+ 77. Kxb1 Kd3 0-1